North America. (Record no. 145739)

MARC details
000 -LEADER
fixed length control field 00896nam a2200265 a 4500
008 - FIXED-LENGTH DATA ELEMENTS--GENERAL INFORMATION
fixed length control field
020 ## - INTERNATIONAL STANDARD BOOK NUMBER
International Standard Book Number 0712114084
049 ## - LOCAL HOLDINGS (OCLC)
Holding library MAIN
090 ## - LOCALLY ASSIGNED LC-TYPE CALL NUMBER (OCLC); LOCAL CALL NUMBER (RLIN)
Classification number (OCLC) (R) ; Classification number, CALL (RLIN) (NR) E40.5
003 - CONTROL NUMBER IDENTIFIER
control field
005 - DATE AND TIME OF LATEST TRANSACTION
control field 20230123133254.0
040 ## - CATALOGING SOURCE
Transcribing agency NUST
100 10 - MAIN ENTRY--PERSONAL NAME
Personal name Hudson, Fred Stansfield.
245 10 - TITLE STATEMENT
Title North America.
260 0# - PUBLICATION, DISTRIBUTION, ETC.
Place of publication, distribution, etc. London,
Name of publisher, distributor, etc. Macdonald & Evans,
Date of publication, distribution, etc. 1962.
300 ## - PHYSICAL DESCRIPTION
Extent xviii, 462 p.
Other physical details illus., maps, diagrs.
Dimensions 23 cm.
490 1# - SERIES STATEMENT
Series statement The new certificate geography series. Advanced level.
504 ## - BIBLIOGRAPHY, ETC. NOTE
Bibliography, etc. note Includes bibliographical references: p. 441-443.
651 #0 - SUBJECT ADDED ENTRY--GEOGRAPHIC NAME
Geographic name North America
General subdivision Description and travel
Chronological subdivision 1951-
651 #0 - SUBJECT ADDED ENTRY--GEOGRAPHIC NAME
Geographic name Central America
General subdivision Description and travel
Chronological subdivision 1951-
651 #0 - SUBJECT ADDED ENTRY--GEOGRAPHIC NAME
Geographic name West Indies
General subdivision Description and travel
Chronological subdivision 1951-
830 #0 - SERIES ADDED ENTRY--UNIFORM TITLE
Uniform title New certificate geography series.
Name of part/section of a work Advanced level.
907 ## - LOCAL DATA ELEMENT G, LDG (RLIN)
a .b10076797
b 13-06-03
c 12-06-03
942 ## - ADDED ENTRY ELEMENTS (KOHA)
Koha item type Ordinary Loan Books
Call number prefix E40.5
Holdings
Date last seen Total Checkouts Full call number Barcode Cost, replacement price Price effective from Koha item type Lost status Source of classification or shelving scheme Damaged status Not for loan Collection Withdrawn status Home library Current library Shelving location Date acquired Cost, normal purchase price
01/23/2023   E40.5 HUD 92003000905 80.00 01/23/2023 BOOKS   LCC     NFIC   MAIN MAIN GEN 01/23/2023 80.00